<?xml version="1.0" encoding="UTF-8"?>
<record
    xmlns:xsi="http://www.w3.org/2001/XMLSchema-instance"
    xsi:schemaLocation="http://www.loc.gov/MARC21/slim http://www.loc.gov/standards/marcxml/schema/MARC21slim.xsd"
    xmlns="http://www.loc.gov/MARC21/slim">

  <leader>00538nam a22001937a 4500</leader>
  <datafield tag="999" ind1=" " ind2=" ">
    <subfield code="c">171674</subfield>
    <subfield code="d">171674</subfield>
  </datafield>
  <controlfield tag="005">20200117122243.0</controlfield>
  <datafield tag="010" ind1=" " ind2=" ">
    <subfield code="a">359813</subfield>
  </datafield>
  <datafield tag="020" ind1=" " ind2=" ">
    <subfield code="c">2.75</subfield>
  </datafield>
  <datafield tag="035" ind1=" " ind2=" ">
    <subfield code="a">359813</subfield>
  </datafield>
  <datafield tag="037" ind1=" " ind2=" ">
    <subfield code="b">BPPD/Pub.</subfield>
  </datafield>
  <datafield tag="082" ind1=" " ind2=" ">
    <subfield code="a">&#x646;</subfield>
  </datafield>
  <datafield tag="100" ind1=" " ind2=" ">
    <subfield code="a">&#x6A9;&#x631;&#x634;&#x646; &#x686;&#x646;&#x62F;&#x631;</subfield>
  </datafield>
  <datafield tag="245" ind1=" " ind2=" ">
    <subfield code="a">&#x632;&#x646;&#x62F;&#x6AF;&#x6CC; &#x6A9;&#x6D2; &#x645;&#x648;&#x691; &#x67E;&#x631; /</subfield>
    <subfield code="c">&#x6A9;&#x631;&#x634;&#x646; &#x686;&#x646;&#x62F;&#x631;</subfield>
  </datafield>
  <datafield tag="246" ind1=" " ind2=" ">
    <subfield code="a">Zindagi ke Mod Per (Urdu) /</subfield>
    <subfield code="b">by Krishan Chander</subfield>
  </datafield>
  <datafield tag="260" ind1=" " ind2=" ">
    <subfield code="a">Delhi</subfield>
    <subfield code="b">Ayesha Publishers</subfield>
    <subfield code="c">1959 &#x621;</subfield>
  </datafield>
  <datafield tag="270" ind1=" " ind2=" ">
    <subfield code="a">Bhargo Lane, Tees Hazari</subfield>
    <subfield code="b">Delhi</subfield>
  </datafield>
  <datafield tag="300" ind1=" " ind2=" ">
    <subfield code="a">150p.</subfield>
    <subfield code="c">18cm(Hb)     </subfield>
  </datafield>
  <datafield tag="942" ind1=" " ind2=" ">
    <subfield code="2">ddc</subfield>
    <subfield code="c">UR</subfield>
    <subfield code="h">&#x646;</subfield>
    <subfield code="m">&#x6A9; &#x631; &#x634;</subfield>
  </datafield>
  <datafield tag="952" ind1=" " ind2=" ">
    <subfield code="0">0</subfield>
    <subfield code="1">0</subfield>
    <subfield code="4">0</subfield>
    <subfield code="7">0</subfield>
    <subfield code="8">NFIC</subfield>
    <subfield code="a">L</subfield>
    <subfield code="b">L</subfield>
    <subfield code="d">2020-01-17</subfield>
    <subfield code="e">BPPD/Ven.</subfield>
    <subfield code="l">0</subfield>
    <subfield code="o">&#x646; &#x6A9; &#x631; &#x634;</subfield>
    <subfield code="p">359813</subfield>
    <subfield code="r">2020-01-17 00:00:00</subfield>
    <subfield code="t">1</subfield>
    <subfield code="w">2020-01-17</subfield>
    <subfield code="y">UR</subfield>
  </datafield>
</record>
